000
00202 a2200085 4500
245
_a
THE POLITICS OF PKLANNING IN DEVELOPING COUNTRIES
_h
Text
100
_a
C.D.ROWLEY
650
_a
POLITICS
005
20191017172319.0
084
_a
NONE
999
_c
8722
_d
8722